Energy saving lighting systems

Salvato in:
Dettagli Bibliografici
Autore principale: Sorcar, Prafulla C (Autore)
Natura: Libro
Lingua:inglese
Pubblicazione: Nueva York Van Nostrand Reinhold 1982
Soggetti:
Tags: Aggiungi Tag
Nessun Tag, puoi essere il primo ad aggiungerne!!

MARC

LEADER 00000nam a2200000 a 4500
001 UCU5220
003 CL-VaPUC
008 960531e19820000US |||||||||||||||||eng|d
082 0 4 |a 621.32  |b SOR  |2 21 
100 0 |a Sorcar, Prafulla C  |e author  |9 363119 
245 1 0 |a Energy saving lighting systems 
300 |a 346 p 
942 |c BK 
945 |d 19960531 00:00:00  |a lriquelm 
260 |a Nueva York  |b Van Nostrand Reinhold  |c 1982 
650 7 |a ENERGIA LUMINOSA  |2 CL-VaPUC  |9 363120 
650 0 |a Iluminación  |9 340311 
650 0 |a Electricidad  |9 260222 
650 7 |a ILUMINACION ELECTRICA  |2 CL-VaPUC  |9 363121 
583 |a last modification  |c 19960531 00:00:00  |k Rodrigo Vera 
999 |c 248655  |d 248653 
952 |0 0  |1 0  |4 0  |6 621_320000000000000_SOR_1982  |7 0  |8 A  |9 265438  |a BIBING  |b BIBING  |d 2019-11-19  |i 1669826  |o 621.32 SOR 1982  |p 1669826  |r 2025-01-20  |w 2019-11-19  |y BK  |k EIE